Countries with the Most Police Per Capita - Statistics

General Stats
  • This quiz has been taken 49 times
  • The average score is 7 of 20
Answer Stats
Police Officers (per 100k) Country % Correct
516 Russia
74%
1,302 Monaco
70%
15,439 Vatican City
67%
793 Nauru
47%
524 Turkey
47%
794 Bahamas
37%
710 Dominica
35%
677 Tuvalu
35%
695 Antigua and Barbuda
33%
798 Argentina
33%
871 Grenada
33%
974 Saint Kitts and Nevis
33%
517 Uruguay
33%
1,068 Brunei
30%
628 Saint Vincent and the Grenadines
30%
534 Spain
26%
636 Serbia
23%
677 Montenegro
19%
987 Mauritius
14%
564 North Macedonia
12%
No matching quizzes found
Score Distribution
Percent of People with Each Score
Percentile by Number Answered
Your Score History
You have not taken this quiz